[Event "6th Open"]
[Site "Dubai UAE"]
[Date "2004.04.27"]
[Round "8"]
[White "Mamedjarova,Z"]
[Black "Sveshnikov,E"]
[Result "1-0"]
[WhiteElo "2343"]
[BlackElo "2535"]

1.d4 d5 2.c4 e6 3.Nf3 Nf6 4.Nc3 c6 5.e3 Nbd7 6.Bd3 dxc4 7.Bxc4 b5 8.Bd3 b4
9.Ne4 Nxe4 10.Bxe4 Bb7 11.O-O Bd6 12.Qc2 Rc8 13.a3 f5 14.Bd3 c5 15.Qe2 c4
16.Bb1 Nf6 17.axb4 Qb6 18.Ne5 O-O 19.Bd2 Bd5 20.Rc1 Bxb4 21.Ba2 Bxd2 22.Qxd2 Ne4
23.Qc2 c3 24.Bxd5 exd5 25.bxc3 Nxc3 26.g3 Qb7 27.Kg2 g5 28.Qd2 Qb3 29.Nd7 Ne4
30.Qa5 Qb2 31.Qxd5+ Kh8 32.Qe5+ Kg8 33.Nf6+ Nxf6 34.Qe6+ Kg7 35.Rxa7+ Kg6
36.Rxc8 Rxc8 37.Qf7+ Kh6 38.Qxf6+  1-0

[Event "6th Open"]
[Site "Dubai UAE"]
[Date "2004.04.28"]
[Round "9"]
[White "Sasikiran,K"]
[Black "Goloshchapov,A"]
[Result "1/2-1/2"]
[WhiteElo "2659"]
[BlackElo "2569"]

1.Nf3 d5 2.d4 Nf6 3.c4 e6 4.Nc3 c6 5.e3 Nbd7 6.Bd3 dxc4 7.Bxc4 b5 8.Bd3 a6
9.e4 c5 10.e5 cxd4 11.Nxb5 axb5 12.exf6 gxf6 13.O-O Qb6 14.Qe2 Ba6 15.Rd1 Rd8
16.b4 Bxb4 17.Rb1 Bc3 18.Ba3 Qc6 19.Bxb5 Bxb5 20.Rxb5 Ra8 21.Bb4 Rxa2 22.Nxd4 Bxd4
23.Qxa2 Rg8 24.g3 Bxf2+ 25.Kxf2 Qxb5 26.Qa8+ Qb8 27.Qa4 Qb6+ 28.Ke2 Qb7 29.Rxd7  1/2-1/2

[Event "TCh-RUS 1st Liga"]
[Site "Sochi RUS"]
[Date "2004.04.28"]
[Round "9"]
[White "Cherniaev,A2"]
[Black "Popov,Val"]
[Result "0-1"]
[WhiteElo "2270"]
[BlackElo "2547"]

1.d4 d5 2.c4 e6 3.Nc3 c6 4.e3 Nf6 5.Nf3 a6 6.c5 Nbd7 7.b4 g6 8.Bb2 Bg7 9.Be2 O-O
10.O-O Qc7 11.a4 e5 12.b5 exd4 13.exd4 Ne4 14.Nxe4 dxe4 15.Ne5 Nxe5 16.dxe5 Bxe5
17.Bxe5 Qxe5 18.bxc6 bxc6 19.Qd6 Qxd6 20.cxd6 Rd8 21.Rfd1 Be6 22.f3 Bd5 23.fxe4 Bxe4
24.Bc4 Kg7 25.a5 f5 26.Ra2 Kf6 27.Rb2 Rd7 28.Rb6 Ke5 29.Bxa6 Rxd6 30.Ra1 c5
31.Bb7 Rxb6 32.Bxa8 Ra6 33.Bxe4 Kxe4 34.Ra3 Kd4 35.Kf2 Kc4 36.Ra1 Kb5 37.Rb1+ Kxa5
38.Rb7 c4 39.Rxh7 c3 40.Ke2 Rd6 41.h3 Kb4 42.g4 fxg4 43.hxg4 c2 44.Rc7 Kb3
45.Rb7+ Ka2 46.Ra7+ Kb1 47.Rb7+ Kc1 48.Rh7 Rb6  0-1

[Event "12th Sigeman & Co"]
[Site "Malmoe/Copenhagen SWE"]
[Date "2004.04.30"]
[Round "1"]
[White "Hillarp Persson,T"]
[Black "Nielsen,PH"]
[Result "1/2-1/2"]
[WhiteElo "2513"]
[BlackElo "2628"]

1.d4 d5 2.c4 c6 3.Nc3 Nf6 4.e3 e6 5.Nf3 Nbd7 6.Bd3 dxc4 7.Bxc4 b5 8.Bd3 b4
9.Ne4 Nxe4 10.Bxe4 Bb7 11.O-O Bd6 12.a3 bxa3 13.b4 Nf6 14.Bd3 Nd5 15.Bxa3 Nxb4
16.Bxb4 Bxb4 17.Ba6 Qb6 18.Qd3 O-O 19.Rfb1 c5 20.Ng5 g6 21.dxc5 Bxa6 22.Rxa6 Qxc5
23.Ne4 Qe7 24.Qd4 Rab8 25.Qa1 Qh4 26.f3 f5 27.Rxa7 Qh6 28.Qa2 Qxe3+ 29.Kh1 Rb6
30.Qb2 Bc3 31.Qxb6 Qxb6 32.Rxb6 fxe4 33.Rxe6 exf3 34.gxf3 Rxf3 35.Re8+ Rf8
36.Rxf8+ Kxf8 37.Rxh7 Kg8 38.Rd7 Bg7 39.Kg2 Kh7 40.Kf3 Kh6 41.Kg4 Be5 42.h3 Bb2
43.h4 Bf6 44.Rd6 Kg7 45.h5  1/2-1/2

[Event "It"]
[Site "Zalaegerszeg HUN"]
[Date "2004.05.01"]
[Round "8"]
[White "Portisch,L"]
[Black "Pavasovic,D"]
[Result "0-1"]
[WhiteElo "2573"]
[BlackElo "2591"]

1.d4 d5 2.c4 e6 3.Nc3 c6 4.e3 Nf6 5.Nf3 Nbd7 6.Be2 Bd6 7.b3 O-O 8.O-O b6
9.Bb2 Bb7 10.Qc2 Qe7 11.Rfe1 Rfe8 12.Bd3 c5 13.cxd5 exd5 14.Rac1 a6 15.Bf1 Rad8
16.Red1 Qe6 17.Qd3 Bb8 18.Ng5 Qe7 19.Nh3 Ne4 20.Ne2 Nf8 21.Nef4 h6 22.Qe2 Ne6
23.Nxe6 fxe6 24.f3 Nd6 25.dxc5 bxc5 26.Ba3 Ba7 27.Bxc5 Bxc5 28.Rxc5 Nc4 29.b4 Rc8
30.Rxc8 Rxc8 31.Rb1 e5 32.Nf2 Bc6 33.e4 Bb5 34.Qd3 d4 35.Qd1 Ne3 36.Qb3+ Kh7
37.Bxb5 axb5 38.Nd1 Qg5 39.Nxe3 Rc3 40.Qb2 Qxe3+ 41.Kh1 Qd3 42.Rg1 Rc2  0-1

[Event "12th Sigeman & Co"]
[Site "Malmoe/Copenhagen SWE"]
[Date "2004.05.04"]
[Round "5"]
[White "Hillarp Persson,T"]
[Black "Hector,J"]
[Result "1-0"]
[WhiteElo "2513"]
[BlackElo "2512"]

1.d4 d5 2.c4 c6 3.Nc3 Nf6 4.e3 e6 5.Nf3 Nbd7 6.Bd3 dxc4 7.Bxc4 b5 8.Bd3 a6
9.e4 c5 10.e5 cxd4 11.Nxb5 axb5 12.exf6 gxf6 13.O-O Qb6 14.Qe2 b4 15.Rd1 Bc5
16.a4 bxa3 17.bxa3 Bb7 18.Be4 Ba6 19.Qe1 Rd8 20.Bd2 Qd6 21.Bb4 d3 22.Qc3 Qb6
23.Qd2 Ne5 24.Nxe5 fxe5 25.Ba5 Bxf2+ 26.Kf1 Qc5 27.Rac1 Qd4 28.Bc6+ Rd7 29.Bxd7+ Qxd7
30.Kxf2 Rg8 31.g3 Qd5 32.Rc7 Rg6 33.Qb4 Rf6+ 34.Kg1 Qd4+ 35.Qxd4 exd4 36.Rb1 Kf8
37.Rb6 Rf5 38.Bb4+ Kg7 39.Rxa6 Rb5 40.Rc1 e5 41.Ra5  1-0

[Event "68th ch-BUL"]
[Site "Sofia BUL"]
[Date "2004.05.04"]
[Round "13"]
[White "Chatalbashev,B"]
[Black "Cheparinov,I"]
[Result "1/2-1/2"]
[WhiteElo "2543"]
[BlackElo "2555"]

1.d4 d5 2.c4 c6 3.e3 Nf6 4.Nc3 e6 5.Nf3 Nbd7 6.Qc2 Bd6 7.g4 Bb4 8.Bd2 b6
9.cxd5 cxd5 10.g5 Bxc3 11.Bxc3 Ne4 12.Bb4 Bb7 13.Bd3 Rc8 14.Qe2 Qc7 15.Rd1 Nd6
16.h4 a5 17.Bxd6 Qxd6 18.h5 h6 19.Rg1 Ke7 20.a3 Rcg8 21.Rc1 Rc8 22.Kd2 Rxc1
23.Kxc1 Bc6 24.Kb1 Ba4 25.gxh6 gxh6 26.Qf1 b5 27.Bxb5 Rb8 28.Bxa4 Qxa3 29.Qc1 Qxa4
30.Ne5 Nxe5 31.Qc5+ Kf6 32.dxe5+ Kf5 33.f3 Qb4 34.Qc2+ Kxe5 35.Rg4 Qe1+ 36.Ka2 Rb4
37.Qc7+ Kf6 38.Qd8+ Kf5 39.e4+ Rxe4 40.Qg8  1/2-1/2

[Event "ch-UKR Women"]
[Site "ALushta UKR"]
[Date "2004.05.07"]
[Round "4"]
[White "Ushenina,A"]
[Black "Kalinina,O"]
[Result "1-0"]
[WhiteElo "2336"]
[BlackElo "1983"]

1.d4 d5 2.c4 e6 3.Nc3 c6 4.e3 Nf6 5.Nf3 Bd6 6.Bd3 Nbd7 7.O-O O-O 8.e4 dxc4
9.Bxc4 e5 10.Bg5 Qc7 11.h3 b5 12.Bb3 exd4 13.Nxd4 a6 14.Nf5 Bf4 15.Bh4 g6
16.Nd4 g5 17.Bg3 Bxg3 18.fxg3 Qb6 19.Bc2 Rd8 20.Qd2 h6 21.Rad1 Nh5 22.e5 Nxe5
23.Qe3 Re8 24.Ne4 Be6 25.g4 Nxg4 26.hxg4 Bxg4 27.Rd2 c5 28.Nf5 Bxf5 29.Rxf5 Qg6
30.Rxc5 f5 31.Qb3+ Kh8 32.Rd6 Qh7 33.Qc3+ Ng7 34.Nf6 Qg6 35.Nxe8  1-0

[Event "7th United Insurance"]
[Site "Dhaka BAN"]
[Date "2004.05.07"]
[Round "1"]
[White "Suvrajit,S"]
[Black "Mohammad,J"]
[Result "1-0"]
[WhiteElo "2301"]
[BlackElo "2149"]

1.d4 d5 2.c4 c6 3.Nf3 Nf6 4.e3 e6 5.Nc3 a6 6.Bd2 Be7 7.Rc1 O-O 8.Qc2 Nbd7
9.cxd5 exd5 10.Bd3 Re8 11.O-O g6 12.h3 c5 13.b3 b5 14.dxc5 Nxc5 15.Nd4 Bb7
16.Nce2 Rc8 17.Qb1 Nfe4 18.Be1 Bd6 19.Bc2 Qd7 20.b4 Ne6 21.Bd3 N6g5 22.Rxc8 Rxc8
23.f4 Ne6 24.Nxe6 Qxe6 25.Bxe4 dxe4 26.Bc3 Qc4 27.Qb2 Qd3 28.Kf2 Bf8 29.Rc1 Bd5
30.a3 Bc4 31.Be5 a5 32.Rc3 Qd8 33.bxa5 Qxa5 34.g4 Ra8 35.Ng3 Bxa3 36.Qc2 Bb4
37.Nxe4 Bxc3 38.Bxc3 Qa2 39.Bb2 Qb3 40.Nf6+ Kg7 41.Nd7+ Kg8 42.Nf6+ Kg7 43.Nd7+ f6
44.Bxf6+ Kf7 45.Qe4 Re8 46.Ne5+ Kxf6 47.Qc6+ Re6 48.g5+ Kf5 49.Qd7 Ke4 50.Qd4+ Kf5
51.Nf3 Qxe3+ 52.Qxe3 Rxe3 53.Kxe3 Bf1 54.Nd4+  1-0

[Event "Capablanca Mem Premier II"]
[Site "Havana CUB"]
[Date "2004.05.08"]
[Round "3"]
[White "Perea,O"]
[Black "Abreu,A"]
[Result "1-0"]
[WhiteElo "2392"]
[BlackElo "2459"]

1.d4 d5 2.c4 c6 3.Nf3 Nf6 4.Nc3 e6 5.e3 Nbd7 6.Qc2 Bd6 7.b3 O-O 8.Be2 dxc4
9.bxc4 e5 10.O-O Re8 11.Rd1 Qe7 12.a4 exd4 13.exd4 Nf8 14.h3 Ng6 15.Rb1 h6
16.c5 Bc7 17.Bc4 Be6 18.Re1 Nf8 19.d5 cxd5 20.Nxd5 Nxd5 21.Bxd5 Rab8 22.Qc3 Qd8
23.Bb2 f6 24.Bxe6+ Nxe6 25.Qc4 Qe7 26.Nd4 Be5 27.Qxe6+ Qxe6 28.Nxe6 Rxe6
29.f4 Bxb2 30.Rxe6 Bd4+ 31.Kf1 Bxc5 32.Rd1 Kf7 33.f5 h5 34.Rd7+ Kf8 35.Ke2 Kg8
36.Kf3 Kf8 37.Kg3 Kg8 38.Kh4 b5 39.axb5 Rxb5 40.Kxh5 Kh7 41.Rxf6 Bd4 42.Rxd4 gxf6
43.Rd7+ Kg8 44.Kg6  1-0

[Event "1st Open"]
[Site "Kranj SLO"]
[Date "2004.05.08"]
[Round "2"]
[White "Kuljasevic,D"]
[Black "Starcic,T"]
[Result "1-0"]
[WhiteElo "2408"]
[BlackElo "2147"]

1.d4 d5 2.c4 c6 3.Nf3 Nf6 4.Nc3 e6 5.e3 Nbd7 6.Qc2 Bd6 7.Be2 O-O 8.O-O e5
9.cxd5 cxd5 10.Nb5 Bb8 11.dxe5 Nxe5 12.Bd2 Bg4 13.Nbd4 Qe7 14.Rfd1 Rd8 15.Bc3 Ne4
16.Nxe5 Bxe2 17.Nxe2 Bxe5 18.Bxe5 Qxe5 19.Rd4 Rd6 20.Rad1 Rad8 21.Nf4 g5
22.Nd3 Qe6 23.Qc7 R6d7 24.Qa5 b6 25.Qb5 a5 26.Rc1 Rd6 27.b4 Ra8 28.bxa5 Rxa5
29.Qb2 Nc5 30.Nb4 Qd7 31.Rcd1 Ne6 32.R4d2 Rc5 33.h3 Qd8 34.Nc2 Rc4 35.Na3 Rc5
36.Nb5 Rd7 37.Nd4 Rc4 38.Nf5 Rc5 39.Nh6+ Kf8 40.Qh8+ Ke7 41.Nf5+  1-0

[Event "7th United Insurance"]
[Site "Dhaka BAN"]
[Date "2004.05.09"]
[Round "3"]
[White "Suvrajit,S"]
[Black "Abdul,Mal"]
[Result "1-0"]
[WhiteElo "2301"]
[BlackElo "2243"]

1.d4 d5 2.c4 c6 3.Nf3 Nf6 4.Nc3 e6 5.e3 a6 6.Qc2 c5 7.cxd5 exd5 8.Be2 Nc6
9.O-O cxd4 10.Nxd4 Nxd4 11.exd4 Be7 12.Bf3 O-O 13.Qb3 Bd6 14.Nxd5 Nxd5 15.Qxd5 Bg4
16.h3 Bxf3 17.Qxf3 Qb6 18.Rd1 Rac8 19.b3 Rc2 20.Be3 Rfc8 21.d5 Qa5 22.Bd4 Bc5
23.Bxc5 Qxc5 24.d6 Rd8 25.Qxb7 Rxf2 26.Qc7 Rxg2+ 27.Kxg2 Qg5+ 28.Kh1 Qh4
29.Rd3 Qe4+ 30.Kg1 Qg6+ 31.Kh2 Qf6 32.Rf1 Qe5+ 33.Rg3 Rf8 34.Qe7 Qc5 35.Rxg7+ Kxg7
36.Rg1+  1-0

[Event "7th United Insurance"]
[Site "Dhaka BAN"]
[Date "2004.05.10"]
[Round "4"]
[White "Abdul,Mal"]
[Black "Hasan,Me"]
[Result "0-1"]
[WhiteElo "2243"]
[BlackElo "2243"]

1.Nf3 d5 2.c4 c6 3.e3 Nf6 4.Nc3 e6 5.d4 Bd6 6.Bd3 O-O 7.O-O Nbd7 8.e4 dxc4
9.Bxc4 e5 10.Re1 Qc7 11.Bg5 exd4 12.Bxf6 gxf6 13.Nxd4 Bxh2+ 14.Kh1 Ne5 15.Be2 Rd8
16.Qd2 Ng6 17.Rad1 Bf4 18.Qc2 Qb6 19.Na4 Qb4 20.a3 Qf8 21.Qc5 Qg7 22.Qh5 Be5
23.Nf5 Bxf5 24.Qxf5 Nf4 25.Bg4 Nd3 26.Rf1 Kh8 27.Bh3 Nxb2 28.Nxb2 Bxb2 29.Rb1 Rd2
30.Qa5 Qg5 31.Qb4 Be5 32.Rb3 Rxf2 33.Qe1 Qf4 34.g3 Rxf1+ 35.Bxf1 Qh6+ 36.Kg2 Rd8
37.Rd3 Rg8 38.Rf3 Qg5 39.Bc4 Qg6 40.a4 a6 41.Qe3 Rd8 42.Be2 Rd4 43.Rf5 c5
44.a5 c4 45.Bh5 Qg8 46.Be2 c3 47.Qxc3 Rxe4 48.Qf3 Rxe2+ 49.Qxe2 Qxg3+ 50.Kf1 Qh3+
51.Qg2 Qxf5+ 52.Ke1 Qb1+  0-1

[Event "CXSP Open"]
[Site "Sao Paulo BRA"]
[Date "2004.05.10"]
[Round "5"]
[White "De Souza,M"]
[Black "Moyses Fo.,J"]
[Result "1/2-1/2"]
[WhiteElo "2383"]
[BlackElo "2094"]

1.d4 d5 2.c4 e6 3.Nc3 Nf6 4.Nf3 c6 5.e3 Nbd7 6.Bd3 Bd6 7.O-O Bb8 8.e4 dxe4
9.Nxe4 e5 10.Nxf6+ gxf6 11.Bh6 exd4 12.Re1+ Ne5 13.Nxe5 fxe5 14.Bg7 Rg8 15.Bxe5 Bxe5
16.Rxe5+ Be6 17.Qh5 Qf6 18.Rae1 O-O-O 19.Ra5 a6 20.g3 h6 21.Qe5 Qxe5 22.Raxe5 b6
23.Rh5 Rh8 24.Re4 Kc7 25.Reh4 Bxc4 26.Bxc4 d3 27.Bxd3 Rxd3 28.Rxh6 Rxh6 29.Rxh6 Rd2
30.h4 Rxb2 31.h5 Rb5 32.g4 Rg5 33.f3 c5 34.Rf6 c4 35.Rxf7+ Kd6 36.Kf2 c3
37.Ke2 Rd5 38.Rf6+ Kc7 39.Rf7+ Kc6 40.Rf8  1/2-1/2

[Event "ch-UKR Women"]
[Site "ALushta UKR"]
[Date "2004.05.12"]
[Round "9"]
[White "Alexandrova,O"]
[Black "Ushenina,A"]
[Result "1/2-1/2"]
[WhiteElo "2430"]
[BlackElo "2336"]

1.d4 d5 2.c4 e6 3.e3 Nf6 4.Nc3 c6 5.Nf3 Nbd7 6.Qc2 Bd6 7.Bd3 O-O 8.O-O dxc4
9.Bxc4 Qe7 10.h3 e5 11.Bb3 Bc7 12.Bd2 exd4 13.exd4 Qd6 14.Rac1 a6 15.Rfe1 Nb6
16.a3 Qd7 17.Bg5  1/2-1/2

[Event "7th United Insurance"]
[Site "Dhaka BAN"]
[Date "2004.05.12"]
[Round "7"]
[White "Suvrajit,S"]
[Black "Visweswaran,K"]
[Result "1-0"]
[WhiteElo "2301"]
[BlackElo "2299"]

1.d4 d5 2.c4 e6 3.Nc3 c6 4.e3 Nf6 5.Nf3 Nbd7 6.Bd3 dxc4 7.Bxc4 b5 8.Bd3 Bb7
9.e4 b4 10.Na4 c5 11.e5 Nd5 12.O-O cxd4 13.Re1 g6 14.Bd2 Bg7 15.Bb5 a6 16.Nc5 axb5
17.Nxb7 Qb6 18.Nd6+ Kf8 19.Ng5 Nxe5 20.Rxe5 Bxe5 21.Ndxf7 Bf6 22.Nxh8 Bxg5
23.Bxg5 Kg7 24.Qe2 Kxh8 25.Qe5+ Kg8 26.Bh6 Qc7 27.Qxe6+ Qf7 28.Qe4 Qf5 29.Qxd4 Nf6
30.Rc1 Re8 31.Qxb4 Qd5 32.h3 Ne4 33.Re1 Kf7 34.b3 g5 35.Bxg5  1-0

[Event "1st Open"]
[Site "Kranj SLO"]
[Date "2004.05.12"]
[Round "7"]
[White "Kuljasevic,D"]
[Black "Korneev,O"]
[Result "1-0"]
[WhiteElo "2408"]
[BlackElo "2573"]

1.d4 d5 2.c4 c6 3.Nf3 Nf6 4.Nc3 e6 5.e3 Nbd7 6.Qc2 Bd6 7.b3 O-O 8.Be2 b6
9.O-O Bb7 10.Bb2 Qe7 11.e4 Nxe4 12.Nxe4 dxe4 13.Qxe4 Nf6 14.Qe3 c5 15.Ne5 cxd4
16.Bxd4 Rad8 17.Rad1 Nd7 18.f4 Nxe5 19.fxe5 Bc5 20.Bxc5 Qxc5 21.Qxc5 bxc5
22.Rd6 Rxd6 23.exd6 Rd8 24.Rd1 Kf8 25.b4 Ke8 26.bxc5 Be4 27.Rd4 Bc6 28.Rd3 Kd7
29.Ra3 Ra8 30.Ra6 Bb7 31.c6+ Bxc6 32.Rxc6 Kxc6 33.Bf3+ Kxd6 34.Bxa8 Kc5 35.Be4 f5
36.Bd3 g6 37.Kf2 Kd4 38.Bc2 e5 39.Bb3 g5 40.Bc2 e4 41.c5 Kxc5 42.g4 e3+ 43.Kxe3 f4+
44.Ke4 Kc4 45.h4 Kc3 46.Bd1 gxh4 47.Kxf4 h6 48.Kf3  1-0

[Event "7th United Insurance"]
[Site "Dhaka BAN"]
[Date "2004.05.13"]
[Round "9"]
[White "Islam,Kh"]
[Black "Sharma,D"]
[Result "0-1"]
[WhiteElo "2292"]
[BlackElo "2369"]

1.d4 d5 2.c4 c6 3.Nc3 Nf6 4.e3 e6 5.Nf3 Nbd7 6.Bd3 dxc4 7.Bxc4 b5 8.Bd3 a6
9.e4 c5 10.d5 c4 11.Bc2 Qc7 12.O-O Bc5 13.Qe2 Bd6 14.Kh1 e5 15.Bd2 O-O 16.Nh4 Rb8
17.Nf5 Bc5 18.Bg5 g6 19.Nh6+ Kg7 20.f4 exf4 21.Bxf6+ Kxf6 22.d6 Qd8 23.Qd2 Kg7
24.Qxf4 Qf6 25.Qg3 Qe5 26.Qh4 Nf6 27.Nf5+ gxf5 28.exf5 Bxd6 29.Rae1 Qxh2+
30.Qxh2 Bxh2 31.Kxh2 Bb7 32.Ne4 Bxe4 33.Bxe4 Rfe8  0-1

[Event "Karadjordje-Serbia"]
[Site "Topola SCG"]
[Date "2004.05.13"]
[Round "10"]
[White "Ivanisevic,I"]
[Black "Pavasovic,D"]
[Result "0-1"]
[WhiteElo "2550"]
[BlackElo "2591"]

1.d4 d5 2.c4 e6 3.Nc3 c6 4.e3 Nf6 5.Nf3 Nbd7 6.Qc2 Bd6 7.Bd3 O-O 8.O-O dxc4
9.Bxc4 a6 10.e4 e5 11.Rd1 Qc7 12.g3 b5 13.Be2 Re8 14.dxe5 Nxe5 15.Bg5 Nxf3+
16.Bxf3 Ng4 17.Kg2 h6 18.Bc1 Be6 19.h3 Nf6 20.Ne2 Rad8 21.Bf4 Be5 22.Bxe5 Qxe5
23.Nf4 Bc4 24.b3 g5 25.Ng6 fxg6 26.bxc4 h5 27.cxb5 cxb5 28.Rxd8 Rxd8 29.Re1 Kg7
30.Re3 Rd4 31.Qb2 Nd7 32.Qc1 Rc4 33.Qd2 Nf6 34.Ra3 g4 35.hxg4 hxg4 36.Bd1 Rd4
37.Qc1 Qxe4+ 38.f3 Qe1  0-1

[Event "29th Elekes Mem IM"]
[Site "Budapest HUN"]
[Date "2004.05.15"]
[Round "1"]
[White "Petran,Pa"]
[Black "Simonsen,H"]
[Result "0-1"]
[WhiteElo "2386"]
[BlackElo "2243"]

1.d4 Nf6 2.c4 c6 3.Nc3 d5 4.Nf3 e6 5.e3 Nbd7 6.Qc2 b6 7.cxd5 exd5 8.Bd3 Be7
9.O-O Bb7 10.Bd2 O-O 11.Ne5 c5 12.Rac1 Rc8 13.Nxd7 Nxd7 14.Bxh7+ Kh8 15.Bd3 g6
16.Qd1 Kg7 17.Ne2 Bd6 18.g3 Rh8 19.f3 Nf6 20.Bc3 Qe7 21.Qd2 c4 22.Bc2 b5
23.a3 Rce8 24.Rce1 Qxe3+ 25.Qxe3 Rxe3 26.Bd2 Re7 27.Nc3 Rxe1 28.Rxe1 Bc6
29.Na2 Ne8 30.Bb4 Kf6 31.Kg2 Bxb4 32.Nxb4 Bb7 33.Re5 Nc7 34.g4 Rc8 35.g5+ Kg7
36.Kf2 a5 37.Na2 Ne6 38.Bd1 Nxd4 39.Re7 Bc6 40.Nc3 Nf5 41.Ra7 d4 42.Ne4 Bxe4
43.fxe4 Ne3  0-1

[Event "Capablanca Mem Premier I"]
[Site "Havana CUB"]
[Date "2004.05.16"]
[Round "10"]
[White "Hernandez,Hol"]
[Black "Prasca,R"]
[Result "1/2-1/2"]
[WhiteElo "2426"]
[BlackElo "2362"]

1.d4 d5 2.c4 c6 3.Nf3 Nf6 4.Nc3 e6 5.e3 Nbd7 6.Bd3 dxc4 7.Bxc4 b5 8.Bd3 a6
9.O-O c5 10.Qe2 Bb7 11.Rd1 cxd4 12.Nxd4 Be7 13.e4 Qc7 14.Bg5 h6 15.Bh4 b4
16.Na4 Qa5 17.b3 Ne5 18.Bc2 Ng6 19.Bg3 Nh5 20.Nb2 Nxg3 21.hxg3 O-O 22.Nc4 Qc5
23.e5 Rfd8 24.Bxg6 Rxd4 25.Rxd4 Qxd4 26.Rd1 Qc5 27.Be4 Qc7 28.Bxb7 Qxb7 29.Qf3 Qxf3
30.gxf3 Ra7 31.Kf1 a5 32.Nb6 Rb7 33.Nc8 Kh7 34.Nxe7 Rxe7 35.Rc1 h5 36.Rc5 Ra7
37.f4 Kg6 38.Kg2 Kf5 39.Kf3 Ra8 40.Rc7 Kg6 41.Ke3 Rd8 42.Rc5 Ra8 43.Ke4 Ra7
44.f3 Ra8 45.Rc6 Kh7 46.f5 exf5+ 47.Kxf5 Rd8 48.Rc5 a4 49.bxa4 Rd3 50.Kf4 Ra3
51.Rc4 Rxa4 52.Kg5 Rxa2 53.Rxb4 Rg2 54.Kf4 Rc2 55.Rb3 Kg6 56.Rb6+ Kh7 57.Kf5 Rc3
58.Kf4 Rc2 59.Rd6 Rc4+ 60.Kg5 Rc3  1/2-1/2

[Event "5th IECC"]
[Site "Antalya TUR"]
[Date "2004.05.17"]
[Round "3"]
[White "Aronian,L"]
[Black "Stefansson,H"]
[Result "1-0"]
[WhiteElo "2645"]
[BlackElo "2567"]

1.d4 d5 2.c4 c6 3.Nf3 Nf6 4.Nc3 e6 5.e3 Nbd7 6.Qc2 Bd6 7.g4 Nxg4 8.Rg1 f5
9.h3 Ngf6 10.Rxg7 Ne4 11.Bd2 Qf6 12.Rg2 Nf8 13.O-O-O Ng6 14.Qb3 b6 15.Kb1 Bd7
16.Be1 Ke7 17.cxd5 exd5 18.Ne2 a5 19.Nf4 a4 20.Qc2 Rhg8 21.a3 Kf7 22.Nd3 Ke7
23.Bb4 Bxb4 24.Nxb4 Kd6 25.Ka1 f4 26.Bd3 Rae8 27.Ne5 fxe3 28.fxe3 Qf5 29.Rg5 Qxh3
30.Bxe4 dxe4 31.Nexc6 Qxe3 32.Rd5+ Ke6 33.Rxd7 Kxd7 34.Ne5+ Nxe5 35.dxe5+ Ke6
36.Qc6+ Kxe5 37.Qd6+ Kf5 38.Nd5 Qg3 39.Rf1+ Kg4 40.Qd7+  1-0

[Event "ch-URU"]
[Site "Montevideo URU"]
[Date "2004.05.18"]
[Round "6"]
[White "Cao,Jo"]
[Black "Gonzalez,Na"]
[Result "1/2-1/2"]
[WhiteElo "2248"]
[BlackElo "2055"]

1.d4 d5 2.Nf3 Nf6 3.c4 c6 4.Nc3 e6 5.e3 Bd6 6.Bd3 Nbd7 7.O-O O-O 8.b3 e5
9.cxd5 Nxd5 10.Bb2 Nxc3 11.Bxc3 exd4 12.Bxd4 Re8 13.Qc2 Nf8 14.Rfd1 Bg4 15.Be2 Qe7
16.h3 Bh5 17.Rac1 Ba3 18.Bb2 Bxb2 19.Qxb2 Bxf3 20.Bxf3 Rad8 21.Rd4 Ne6 22.Rg4 f6
23.Be2 Kh8 24.Rgc4 Nc7 25.b4 Qe5 26.Qxe5 Rxe5 27.a4 Rd2 28.Bf3 Ne8 29.b5 cxb5
30.Rc8 Kg8 31.R1c7 b4 32.Rxb7 b3 33.Rxa7 b2 34.Rb8 Kf8  1/2-1/2

[Event "22nd LIE-Open"]
[Site "Triesen LIE"]
[Date "2004.05.18"]
[Round "5"]
[White "Martinovic,Sa"]
[Black "Muendle,K"]
[Result "1/2-1/2"]
[WhiteElo "2171"]
[BlackElo "1923"]

1.d4 d5 2.c4 e6 3.Nc3 Nf6 4.Nf3 c6 5.e3 Nbd7 6.Qc2 Be7 7.b3 b6 8.Bd3 dxc4
9.bxc4 Bb7 10.e4 c5 11.d5 exd5 12.cxd5 a6 13.a4 Qc7 14.O-O Bd6 15.Re1 Ne5
16.Nxe5 Bxe5 17.g3 h5 18.f4 Bd4+ 19.Be3 Bxe3+ 20.Rxe3 h4 21.Rb1 Ng4  1/2-1/2

[Event "29th Elekes Mem IM"]
[Site "Budapest HUN"]
[Date "2004.05.20"]
[Round "6"]
[White "Simonsen,H"]
[Black "Benda,H"]
[Result "0-1"]
[WhiteElo "2243"]
[BlackElo "2283"]

1.d4 d5 2.c4 c6 3.Nf3 Nf6 4.Nc3 e6 5.e3 Nbd7 6.Bd3 dxc4 7.Bxc4 b5 8.Bd3 a6
9.e4 c5 10.d5 c4 11.Bc2 Qc7 12.dxe6 fxe6 13.O-O Bc5 14.Qe2 O-O 15.e5 Ng4
16.Qe4 Ndxe5 17.Qxh7+ Kf7 18.Qh5+ Ke7 19.Bg5+ Nf6 20.Nxe5 Qxe5 21.Ne4 Bb6
22.Qg6 Rf7 23.Bd2 Nxe4 24.Bxe4 Rb8 25.Bg5+ Ke8 26.Rae1 Qxb2 27.Re3 Bd4 28.Bc6+ Kf8
29.Rh3 Bf6 30.Rh8+ Ke7 31.Re8+ Kd6 32.Qxf7 Kxc6 33.Bf4 e5 34.Qa7 exf4 35.Qxb8 Bd7
36.Qa8+ Kb6 37.Rb8+ Ka5 38.Qb7 Qd4 39.Qc7+ Kb4 40.Rb1+ Kc3 41.Qa5+ Kc2 42.Qe1 Qd2
43.Qf1 Bf5 44.R8xb5 Bd3  0-1

[Event "22nd LIE-Open"]
[Site "Triesen LIE"]
[Date "2004.05.20"]
[Round "7"]
[White "Ballon,G"]
[Black "Bezler,R"]
[Result "1/2-1/2"]
[WhiteElo "2178"]
[BlackElo "2228"]

1.d4 Nf6 2.c4 e6 3.Nc3 d5 4.Nf3 c6 5.e3 Nbd7 6.Qc2 Be7 7.Bd3 dxc4 8.Bxc4 c5
9.dxc5 Bxc5 10.O-O a6 11.a3 b5 12.Be2 Bb7 13.b4 Bd6 14.Bb2 Rc8 15.Qd2 Bb8
16.Rac1 Ng4 17.Rfd1 Bxf3 18.Bxf3 Bxh2+ 19.Kh1 h5 20.Ne4 Rxc1 21.Bxc1 Bc7
22.Ng5 Nde5 23.Qxd8+ Bxd8 24.Ne4 Ke7 25.Kg1 Nxf3+ 26.gxf3 Ne5 27.f4 Nc4 28.Nc5 Bb6
29.Rd7+ Kf6 30.Ne4+ Kg6 31.Nd6 Rd8 32.Nxc4 bxc4 33.Rb7 Rd1+ 34.Kg2 Bd8 35.Bb2 Rd2
36.Bd4 Ra2 37.Ra7 Rxa3 38.b5 a5 39.b6 Rb3 40.Rxa5 Bxb6 41.Rg5+ Kh7 42.Rxg7+ Kh6
43.Rxf7 Bxd4 44.exd4 Kg6 45.Rc7 Rc3 46.Rc5 h4 47.d5 exd5 48.Rxd5 h3+ 49.Kh2 Rf3
50.Rc5 c3 51.Kg1 Kf6 52.Kh2 Ke6 53.f5+ Kd6 54.Rc8 Kd5 55.f6 Kd4 56.Rd8+ Kc4
57.Rc8+ Kd3 58.Rd8+ Ke2 59.Rc8 Kd2 60.Rd8+ Kc1 61.Rc8 c2 62.Rc6 Kd2 63.Rd6+ Ke2
64.Rc6 Rxf2+ 65.Kxh3 Kd3 66.Rd6+ Ke4 67.Rc6 Kd5 68.Rc8 Ke6 69.Rc6+ Kf7 70.Kg3  1/2-1/2

[Event "29th Elekes Mem GM"]
[Site "Budapest HUN"]
[Date "2004.05.21"]
[Round "7"]
[White "Roussel Roozmon,T"]
[Black "Cernousek,L"]
[Result "1-0"]
[WhiteElo "2454"]
[BlackElo "2369"]

1.d4 d5 2.c4 c6 3.Nf3 Nf6 4.e3 e6 5.Nc3 Nbd7 6.Bd3 dxc4 7.Bxc4 b5 8.Bd3 Bb7
9.O-O b4 10.Ne4 Be7 11.Nxf6+ Nxf6 12.e4 O-O 13.e5 Nd7 14.Be4 Rb8 15.a3 bxa3
16.b4 f5 17.Bd3 Nb6 18.Bd2 Nd5 19.Bc4 Qb6 20.Qa4 g5 21.Bxd5 cxd5 22.Nxg5 Bc6
23.Qxa3 Bxg5 24.Qg3 h6 25.Bxg5 hxg5 26.Qxg5+ Kf7 27.Qf6+ Ke8 28.Qxe6+ Kd8
29.Qd6+ Ke8 30.Qg6+ Ke7 31.Rfc1 Bd7 32.Qg5+ Ke8 33.h4 Rb7 34.Rc5 Qe6 35.Qh5+ Kd8
36.Raa5 Rxb4 37.Rxd5 Rb6 38.Rdc5 a6 39.Ra1 Rg8 40.Rac1 Qb3 41.Qh7 f4 42.Rc8+ Bxc8
43.Qc7+ Ke8 44.Qxc8+ Kf7 45.Qf5+ Ke8 46.Rc8+ Ke7 47.Rc7+ Ke8 48.Qc8+  1-0

[Event "22nd LIE-Open"]
[Site "Triesen LIE"]
[Date "2004.05.21"]
[Round "8"]
[White "Schaefer,Mi"]
[Black "Ballon,G"]
[Result "1/2-1/2"]
[WhiteElo "2136"]
[BlackElo "2178"]

1.d4 d5 2.c4 c6 3.Nc3 Nf6 4.e3 e6 5.Nf3 Nbd7 6.Bd3 Bd6 7.e4 dxe4 8.Nxe4 Nxe4
9.Bxe4 e5 10.O-O exd4 11.Qxd4 Qf6 12.Be3 Qxd4 13.Bxd4 O-O 14.Rad1 Be7 15.Rfe1 Bf6
16.h3 Bxd4 17.Rxd4 Nf6 18.Bc2  1/2-1/2

[Event "5th IECC"]
[Site "Antalya TUR"]
[Date "2004.05.23"]
[Round "8"]
[White "Thorfinnsson,Bj"]
[Black "Van der Stricht,G"]
[Result "0-1"]
[WhiteElo "2345"]
[BlackElo "2450"]

1.d4 Nf6 2.Nf3 d5 3.c4 e6 4.Nc3 c6 5.e3 Nbd7 6.Qc2 Bd6 7.g4 Bb4 8.Bd2 O-O
9.Bd3 dxc4 10.Bxc4 e5 11.g5 exd4 12.gxf6 dxc3 13.fxg7 cxd2+ 14.Ke2 Kxg7 15.Rag1+ Kh8
16.Rg5 Nf6 17.a3 Be7 18.Qc3 Be6 19.Bxe6 fxe6 20.Rhg1 Qe8 21.Kxd2 Rd8+ 22.Ke2 Rd5
23.Ne5 c5 24.f4 b5 25.e4 Rd4 26.Qh3 Rxe4+ 27.Kd1 Rxe5 28.Rxe5 Qd7+ 29.Kc2 Qd4
30.Rd1 Qa4+ 31.Qb3 Qxf4 32.Qxe6 Re8 33.Rf5 Qxh2+ 34.Rd2 Qh4 35.Re5 Bf8 36.Qf5 Rxe5
37.Qxe5 Qe4+ 38.Qxe4 Nxe4 39.Rd8 Kg8 40.Ra8 c4 41.Rxa7 h5 42.Kd1 h4 43.Ke2 h3
44.Kf3 h2 45.Kg2 Bd6 46.Ra8+ Kg7 47.Ra7+ Kg6 48.Rd7 Bf4 49.Rd1 Kf5 50.Re1 Be5
51.Rf1+ Ke6 52.Re1 Kd5 53.Rd1+ Kc5 54.Re1 Kd4 55.Rd1+ Ke3 56.Rd5 Nf2 57.Rxe5+ Kd4
58.Rxb5 h1=Q+ 59.Kxf2 Qh4+ 60.Kf3 Qh3+ 61.Ke2 Qg2+  0-1

[Event "57th ch-RUS Qualifier"]
[Site "St Petersburg RUS"]
[Date "2004.05.23"]
[Round "3"]
[White "Ivanov,Se1"]
[Black "Yevseev,D"]
[Result "1-0"]
[WhiteElo "2546"]
[BlackElo "2580"]

1.d4 d5 2.c4 c6 3.Nc3 Nf6 4.e3 e6 5.Nf3 a6 6.b3 Bb4 7.Bd2 Bd6 8.Bd3 c5 9.O-O Nc6
10.cxd5 exd5 11.dxc5 Bxc5 12.e4 d4 13.Nd5 Nxd5 14.exd5 Qxd5 15.Ng5 Be7 16.Re1 Ne5
17.Bc4 Nxc4 18.bxc4 Qd6 19.Rb1 a5 20.Qh5 Qg6 21.Qe2 Be6 22.Nxe6 fxe6 23.Rxb7 Ra6
24.Qe5  1-0

[Event "57th ch-RUS Qualifier"]
[Site "St Petersburg RUS"]
[Date "2004.05.23"]
[Round "3"]
[White "Dobrov,V"]
[Black "Zvjaginsev,V"]
[Result "0-1"]
[WhiteElo "2477"]
[BlackElo "2654"]

1.d4 Nf6 2.c4 e6 3.Nf3 d5 4.Nc3 c6 5.e3 a6 6.c5 Nbd7 7.b4 g6 8.Bd3 Bg7 9.e4 dxe4
10.Nxe4 Nxe4 11.Bxe4 a5 12.Bg5 f6 13.Bf4 e5 14.dxe5 axb4 15.Qb1 O-O 16.Qxb4 fxe5
17.Qc4+ Kh8 18.Be3 Nf6 19.O-O Qe8 20.Bc2 e4 21.Nd2 Be6 22.Qe2 Bg4 23.Qc4 Qe5
24.Bd4 Qd5 25.Qxd5 cxd5 26.Rfb1 Rf7 27.Nf1 Nd7 28.Bxg7+ Kxg7 29.Ne3 Be6 30.Rd1 Nxc5
31.Nxd5 Raf8 32.Nc3 Rxf2 33.Bxe4 Nxe4 34.Nxe4 Rxa2 35.Rab1 Kh6 36.Rxb7 Bd5
37.Re7 Re2 38.Nc3 Rxg2+ 39.Kh1 Ba8  0-1